000 00715nam a2200289Ia 4500
005 20260324135717.0
008 008 260324s9999 xx 000 0 eng d
020 _a9781315052205
037 _aEBOOK
040 _aCRL
040 _beng
040 _cCRL
041 _2eng
041 _aeng
084 _qCRL
100 _aMaina Chawla Singh
_91201609
245 0 _aGender, Religion, and the Heathen Lands
245 0 _bAmerican Missionary Women in South Asia, 1860s-1940s
260 _bTaylor and Francis
260 _c2000
365 _a
365 _b230
856 _uhttp://www.taylorfrancis.com/books/9781315052205
942 _cEBOOK
999 _c1802991
_d1802991